| 000 | 02193nam a2200385 a 4500 | ||
|---|---|---|---|
| 001 | 1902860 | ||
| 003 | AM-YEHGA | ||
| 005 | 20250618080120.0 | ||
| 008 | 230515s2022 ai ab||gr|||||||||0|arm|d | ||
| 020 | _a9789939964003 | ||
| 040 | _aAM-YeHGA | ||
| 041 | 0 | _aarm | |
| 100 | 1 | _aՊօտուռեան, Գառնիկ Կ. | |
| 245 | 1 | 0 |
_aՏարագրի յուշեր 1915-1917 / _cԳ.Կ. Պօտուռեան ; Խմբագիր, յառաջաբանի եւ ծանօթագրութիւնների հեղինակ՝ Մ.Ա. Մինասեան ; «Հայոց ցեղասպանութեան թանգարան-ինստիտուտ» հիմնադրամ. |
| 246 | 1 | 5 | _aMemories of the deportee 1915-1917 |
| 246 | 1 | 5 | _aВоспоминания изгнанника 1915-1917 |
| 260 |
_aԵրևան, _bՀՑԹԻ հրատարակչութիւն, _c2022. |
||
| 300 |
_a527 էջ ։ _bլուսանկարներ, քարտեզներ ; _c21 սմ. |
||
| 490 | 0 |
_a«Հայոց ցեղասպանութիւնը վերապրածների յուշագրութիւններ» ; _v8 |
|
| 500 | _aԿռնակին՝ VIII: | ||
| 504 | _aՏողատակում՝ մատենագիտական ծանոթագրություններ։ | ||
| 504 | _aՏողատակում՝ ծանոթագրություններ։ | ||
| 504 | _aՕգտագործուած սկզբնաղբիւրներու եւ գրականության ցանկ՝ էջ 482-495։ | ||
| 504 | _aԼուսանկարներու եւ քարտեզներու ցանկ՝ էջ 496-498։ | ||
| 504 | _aԱնձնանուններու ցանկ՝ էջ 499-508։ | ||
| 504 | _aՏեղանուններու ցանկ՝ էջ 509-519։ | ||
| 504 | _aՅատուկ անուներու ցանկ՝ էջ 520-527։ | ||
| 525 | _aՅաւելուածներ՝ էջ 462-481։ | ||
| 650 | 1 | 4 |
_aՀայ հուշագրություն _95766 |
| 650 | 1 | 4 |
_aՀայոց ցեղասպանություն (1915-1923) _vԱկանատեսների վկայություններ _95783 |
| 700 | 1 |
_aՄինասեան, Միհրան Ա. _eխմբ. _4edt _eառաջաբ. հեղ. _4aui |
|
| 710 | 2 | _a«Հայոց ցեղասպանութեան թանգարան-ինստիտուտ» հիմնադրամ | |
| 942 |
_2udc _cBK |
||
| 090 | _c566121 | ||
| 999 |
_c527964 _d527964 |
||